Top 10 des plus gros exportateurs de saucisses - Statistiques

Statistiques générales
  • Ce quiz a été pris 59 fois
  • Le résultat moyen est 8 sur 10
Statistiques - réponses
Hint Réponse % Correct
6# France
100%
1# Allemagne
98%
8# États-Unis
94%
5# Espagne
88%
7# Italie
88%
2# Belgique
79%
10# Pays-Bas
71%
4# Pologne
67%
9# Brésil
58%
3# Danemark
46%
Aucun quiz correspondant
Distribution des résultats
% des personnes avec chaque résultat
Percentile par nombre de réponses
Votre historique - résultats
Vous n’avez pas pris ce quiz